000 00413nam a2200181Ia 4500
001 24039
005 20260414151017.0
008 260414t2001||||xx |||||||||||||| ||spa||
041 _aESP
082 _a759
_bC28
100 _aLambert, Gilles
_eAUT
245 0 _aCaravaggio :
_b1571-1610
260 _c2001
300 _a96 páginas :
_c23 cm.
650 _aABD
654 _aCAU
942 _cLIB
_dJUS
_fJUS
_2ddc
_n
999 _c24039
_d24039